Annual reports of ICME

Zapisane w:
Opis bibliograficzny
Format: Książka
Język:Undetermined
Wydane: Osaka Osaka University [1975]
Hasła przedmiotowe:
Etykiety: Dodaj etykietę
Nie ma etykietki, Dołącz pierwszą etykiete!
Thư viện lưu trữ: Trung tâm Học liệu Trường Đại học Cần Thơ
LEADER 00397nam a2200157Ia 4500
001 CTU_99075
008 210402s9999 xx 000 0 und d
082 |a 620 
082 |b A613/Vol.5 
245 0 |a Annual reports of ICME 
260 |a Osaka 
260 |b Osaka University 
260 |c [1975] 
650 |a Engineering 
904 |i Truc 
980 |a Trung tâm Học liệu Trường Đại học Cần Thơ